00562nam a2200157 a 450000100100000000500170001000800410002702000180006804000250008624501200011126000400023130000360027150000470030750000210035470000290037500003918220260305073959.0130606s2013 dr ac 001 0 spa d a9789945006230 aDO-SdBNPbspacBNPHU00aJosé Vanconcelos :bescritos en Santo Domingo 1927-1928 /ccompilación, estudio y notas de Cándido Gerón /. aSanto Domingo :bCentenario,c2013. a188 p. :bil., retrs. ;c24 cm. aIncluye datos biográficos del compilador aIncluye índice1 aGerón, Candido,d1948-